Statistics for Geographic Groups of Three - Island Countries

Click here to take the quiz!

General Stats

  • This quiz has been taken 76 times
  • The average score is 18 of 24

Answer Stats

HintAnswer% Correct
Countries that begin with 'Saint'Saint Lucia
98%
Countries that begin with 'Saint'Saint Vincent and the Grenadines
97%
Countries that begin with 'Saint'Saint Kitts and Nevis
95%
Countries Geographically closest to Madagascar
(Excluding Madagascar itself)
Seychelles
85%
Countries Geographically closest to Madagascar
(Excluding Madagascar itself)
Comoros
84%
Countries that begin with the letter PPalau
84%
Countries Geographically closest to Madagascar
(Excluding Madagascar itself)
Mauritius
82%
Countries that end with 'LAND', not 'LANDS'Iceland
79%
Asian countries that are six letters longBrunei
73%
Countries that begin with the letter PPapua New Guinea
73%
Countries whose names are exactly three words longPapua New Guinea
73%
Countries that begin with the letter PPhilippines
73%
Countries that end with 'LAND', not 'LANDS'Ireland
71%
Countries that end with 'LAND', not 'LANDS'New Zealand
71%
Countries that end with the letter ESao Tome and Principe
71%
Countries that end with the letter NTaiwan
68%
Asian countries that are six letters longTaiwan
68%
Countries whose names are exactly three words longTrinidad and Tobago
68%
Countries that end with the letter ECape Verde
66%
Countries that end with the letter NJapan
66%
Countries whose names are exactly three words longAntigua and Barbuda
63%
Countries that end with the letter NBahrain
61%
Countries that end with the letter ESingapore
60%
Asian countries that are six letters longCyprus
58%

Score Distribution

Percentile by Number Answered

Percent of People with Each Score

Your Score History

You have not taken this quiz